000 00602nam a22001817a 4500
003 BD-DhJNU
005 20250831063025.0
008 250831b |||||||| |||| 00| 0 eng d
020 _a9789849327929
040 _aBD-DhJNU
_bENG
_cBD-DhJNU
_dBD-DhJNU
082 _223
_a954.92
100 _aRahman, Mijanur
245 _aBangabandhu bangalees and relevant thoughts /
_cMijanur Rahman, translated by Khandoker Montasir Hassan & Rabita Rahman
260 _aDhaka :
_bMerit Fair Prokashon,
_c2020.
300 _a136 p. :
_c24 cm.
650 _aPolitics and Administration of Bangladesh
942 _2ddc
_cBK
_n0
999 _c2052
_d2052